|
|
|
|
| LEADER |
00000nam0a2200000 4500 |
| 001 |
66765 |
| 005 |
20231031072755.0 |
| 035 |
|
|
|a (RuTPU)RU\TPU\book\70980
|
| 090 |
|
|
|a 66765
|
| 100 |
|
|
|a 20040906d1980 km y0rusy50 ca
|
| 101 |
0 |
|
|a rus
|
| 102 |
|
|
|a RU
|
| 105 |
|
|
|a a z 001zy
|
| 200 |
1 |
|
|a Синхронные компенсаторы (конструкция, монтаж, испытания и эксплуатация)
|f В. З. Пекне
|
| 210 |
|
|
|a Москва
|c Энергия
|d 1980
|
| 215 |
|
|
|a 271 с.
|c ил.
|
| 320 |
|
|
|a Библиогр.: с. 266-268
|
| 610 |
1 |
|
|a компенсаторы синхронные
|
| 610 |
1 |
|
|a конструкция
|
| 610 |
1 |
|
|a монтаж
|
| 610 |
1 |
|
|a испытания
|
| 610 |
1 |
|
|a эксплуатация
|
| 610 |
1 |
|
|a применение
|
| 610 |
1 |
|
|a установка
|
| 610 |
1 |
|
|a статоры
|
| 610 |
1 |
|
|a обмотки
|
| 610 |
1 |
|
|a щиты
|
| 610 |
1 |
|
|a водородное охлаждение
|
| 675 |
|
|
|a 621.313.323
|v 3
|
| 700 |
|
1 |
|a Пекне
|b В. З.
|g Владимир Зусевич
|
| 801 |
|
1 |
|a RU
|b 63413507
|c 20040906
|g PSBO
|
| 801 |
|
2 |
|a RU
|b 63413507
|c 20160512
|g PSBO
|
| 942 |
|
|
|c BK
|